Angelo's moon / (Record no. 20603)
[ view plain ]
| 000 -LEADER | |
|---|---|
| fixed length control field | 00563nam a22002057a 4500 |
| 001 - CONTROL NUMBER | |
| control field | 20603 |
| 003 - CONTROL NUMBER IDENTIFIER | |
| rucl marc code | BD-RjUL |
| 005 - DATE AND TIME OF LATEST TRANSACTION | |
| control field | 20211209000604.0 |
| 008 - FIXED-LENGTH DATA ELEMENTS--GENERAL INFORMATION | |
| fixed length control field | 140301s1955 uk ||||| |||| 00| 0 eng d |
| 035 ## - SYSTEM CONTROL NUMBER | |
| System control number | (BD-RjUL)20665 |
| 040 ## - CATALOGING SOURCE | |
| Original cataloging agency | BD-RjUL |
| Language of cataloging | eng |
| Transcribing agency | BD-RjUL |
| 041 ## - LANGUAGE CODE | |
| Language code of text/sound track or separate title | eng |
| 082 ## - DEWEY DECIMAL CLASSIFICATION NUMBER | |
| Classification number | 823 |
| Author mark and year | BRA 1955 |
| 100 ## - MAIN ENTRY--PERSONAL NAME | |
| Personal name | Alec Brown |
| Fuller form of name | Alec Brown |
| 9 (RLIN) | 63579 |
| 245 ## - TITLE STATEMENT | |
| Title | Angelo's moon / |
| Statement of responsibility, etc. | Alec Brown |
| 260 ## - PUBLICATION, DISTRIBUTION, ETC. (IMPRINT) | |
| Place of publication, distribution, etc. | London : |
| Name of publisher, distributor, etc. | Bodley Head, |
| Date of publication, distribution, etc. | 1955. |
| 300 ## - PHYSICAL DESCRIPTION | |
| Pagination | vii, 9-221 p. : |
| Illustrations | ill. ; |
| Size | 19 cm |
| 490 ## - SERIES STATEMENT | |
| Series statement | The Bodley Head Science Fiction Club |
| 942 ## - ADDED ENTRY ELEMENTS (KOHA) | |
| Source of classification or shelving scheme | Dewey Decimal Classification |
| Koha item type | Books |
| Lost status | Source of classification or shelving scheme | Damaged status | Not for loan | Collection code | Permanent Location | Current Location | Shelving location | Date acquired | Source of acquisition | Cost, normal purchase price | Total Checkouts | Full call number | Date last seen | Copy number | Koha item type |
|---|---|---|---|---|---|---|---|---|---|---|---|---|---|---|---|
| Dewey Decimal Classification | Added to bundle | Fiction | Central Library, University of Rajshahi | Central Library, University of Rajshahi | Reading Room | 12/09/1956 | Pak.Co-op. book Socities. | 7.12 | 823 BRA 1955 | 01/03/2014 | C-1 | Books |